| 000 | 00931nam a22003257a 4500 | ||
|---|---|---|---|
| 001 | 18235091 | ||
| 003 | OSt | ||
| 005 | 20241031122524.0 | ||
| 008 | 140721s2014 wau 000 0 eng | ||
| 010 | _a 2014946452 | ||
| 020 | _a9780981900360 | ||
| 020 | _a0981900364 | ||
| 040 |
_aDLC _beng _erda _cDLC |
||
| 041 | _aeng | ||
| 042 | _apcc | ||
| 080 |
_a641 _bT-17 |
||
| 100 |
_91352 _aTalevich, Tim _eEditor |
||
| 245 | 0 | 0 |
_aFabulous food the Costco way : _bflavorful fare using Costco products / _c[edited by] Ginnie Roeglin, Tim Talevich. |
| 260 |
_aIssaquah, WA _bCostco Wholesale, _c2014. |
||
| 263 | _a1411 | ||
| 300 |
_a255 p. _bill. |
||
| 336 |
_atext _2rdacontent |
||
| 337 |
_aunmediated _2rdamedia |
||
| 338 |
_avolume _2rdacarrier |
||
| 650 | 0 |
_9468 _aCulinary |
|
| 653 | _aკულინარია | ||
| 906 |
_a0 _bibc _corignew _d2 _eepcn _f20 _gy-gencatlg |
||
| 942 |
_2udc _cBK |
||
| 999 |
_c2121 _d2121 |
||